[Event "Valasska Bystrice op 11th"]
[Site "Valasska Bystrice"]
[Date "2019.09.07"]
[Round "1"]
[White "Jirousek, Tadeas"]
[Black "Vasek, Rostislav"]
[Result "1-0"]
[WhiteElo "1856"]
[BlackElo "1484"]
[PlyCount "75"]
[EventDate "2019.09.07"]
[EventType "swiss"]
[EventRounds "9"]
[EventCountry "CZE"]
[SourceTitle "EXT 2020"]
[Source "ChessBase"]
[SourceDate "2019.10.17"]
[SourceVersion "1"]
[SourceVersionDate "2019.10.17"]
[SourceQuality "1"]

1. e4 e5 2. Nf3 d6 3. Bc4 Nd7 4. d4 Nb6 5. Bb3 exd4 6. Ng5 Nh6 7. Qxd4 Qf6 8. Qd3 Be6 9. Nxe6 fxe6 10. 0-0 0-0-0 11. a4 Ng4 12. a5 Nd7 13. a6 b6 14. Qb5 Qe5 15. Qxe5 Ndxe5 16. Bxe6+ Kb8 17. f4 Re8 18. Bd5 Ng6 19. Bc6 Rd8 20. Nc3 Ne7 21. Bb5 g6 22. f5 Bg7 23. Bg5 Bd4+ 24. Kh1 Nf2+ 25. Rxf2 Bxf2 26. Bxe7 gxf5 27. Bxd8 Rxd8 28. Rf1 Bd4 29. exf5 Bxc3 30. bxc3 Rf8 31. f6 Kc8 32. f7 Kd8 33. Bc4 c6 34. Be2 Ke7 35. Bh5 Rd8 36. Re1+ Kf8 37. Re8+ Rxe8 38. fxe8Q+ 1-0

[Event "Valasska Bystrice op"]
[Site "Valasska Bystrice"]
[Date "2016.09.11"]
[Round "2"]
[White "Vasek, Rostislav"]
[Black "Bartosek, Ivan"]
[Result "0-1"]
[WhiteElo "1582"]
[BlackElo "1755"]
[PlyCount "34"]
[EventDate "2016.09.10"]
[EventType "swiss"]
[EventRounds "9"]
[EventCountry "CZE"]
[SourceTitle "CBM 174 Extra"]
[Source "ChessBase"]
[SourceDate "2016.10.10"]
[SourceVersion "1"]
[SourceVersionDate "2016.10.10"]
[SourceQuality "1"]

1. e4 e5 2. Nf3 Nc6 3. Bc4 Bc5 4. d3 d6 5. a3 f5 6. Bxg8 Rxg8 7. b4 Bb6 8. Bg5 Qd7 9. Nbd2 f4 10. c4 h6 11. b5 Nd4 12. c5 Bxc5 13. Nxd4 Bxd4 14. Qb3 Qe6 15. Qxe6+ Bxe6 16. Rc1 Rc8 17. Nf3 Bb2 0-1

[Event "Valasska Bystrice op"]
[Site "Valasska Bystrice"]
[Date "2015.09.18"]
[Round "8"]
[White "Vasek, Rostislav"]
[Black "Klima, Martin"]
[Result "1-0"]
[WhiteElo "1616"]
[BlackElo "1640"]
[PlyCount "115"]
[EventDate "2015.09.12"]
[EventType "swiss"]
[EventRounds "9"]
[EventCountry "CZE"]
[SourceTitle "EXT 2016"]
[Source "ChessBase"]
[SourceDate "2015.10.08"]
[SourceVersion "1"]
[SourceVersionDate "2015.10.08"]
[SourceQuality "1"]

1. d4 d5 2. Nf3 Nf6 3. c3 Nc6 4. e3 g6 5. Bd3 Bg7 6. 0-0 0-0 7. Nbd2 Re8 8. e4 e6 9. e5 Nd7 10. Bb5 Ne7 11. Nb3 a6 12. Bd3 b6 13. Re1 c5 14. Bg5 c4 15. Bxg6 hxg6 16. Nc1 f6 17. exf6 Nxf6 18. Ne5 Nh7 19. Nc6 Qd6 20. Nxe7+ Rxe7 21. Bxe7 Qxe7 22. Qg4 Qg5 23. Qxg5 Nxg5 24. Ne2 Bd7 25. Nf4 Kf7 26. f3 Rh8 27. b3 Rh4 28. Ne2 e5 29. dxe5 cxb3 30. axb3 Bb5 31. Ra2 Ne6 32. g3 Rh8 33. Nd4 Nxd4 34. cxd4 Ke6 35. Rc1 Re8 36. Rac2 Bh6 37. f4 g5 38. Rc7 gxf4 39. Rh7 Bf8 40. gxf4 Re7 41. Rxe7+ Bxe7 42. Rc7 Bd8 43. Rc8 Kd7 44. Rc3 Ke6 45. Kf2 Bh4+ 46. Kf3 Kf5 47. Rc8 Bd7 48. Rh8 Be1 49. Rh5+ Kg6 50. Rg5+ Kh6 51. Rg1 Bc3 52. Ke3 b5 53. Rg8 Bb4 54. Ra8 a5 55. Ra6+ Kh5 56. e6 Be8 57. Ra8 Bc6 58. Rc8 1-0

[Event "Valasska Bystrice op"]
[Site "Valasska Bystrice"]
[Date "2015.09.14"]
[Round "4"]
[White "Vasek, Rostislav"]
[Black "Prda, Jan"]
[Result "1-0"]
[WhiteElo "1616"]
[BlackElo "1733"]
[PlyCount "91"]
[EventDate "2015.09.12"]
[EventType "swiss"]
[EventRounds "9"]
[EventCountry "CZE"]
[SourceTitle "EXT 2016"]
[Source "ChessBase"]
[SourceDate "2015.10.08"]
[SourceVersion "1"]
[SourceVersionDate "2015.10.08"]
[SourceQuality "1"]

1. d4 e6 2. Nf3 Nf6 3. e3 c5 4. c3 Nc6 5. Bd3 d5 6. 0-0 cxd4 7. cxd4 Bd6 8. Nbd2 Bd7 9. e4 dxe4 10. Nxe4 Be7 11. Re1 0-0 12. Qe2 Nb4 13. Bb1 a6 14. a3 Bb5 15. Qd2 Nbd5 16. Ng3 Rc8 17. Ne5 Bd6 18. Qd1 Nd7 19. a4 Bc6 20. Qh5 f5 21. Nxc6 Rxc6 22. Ba2 N7f6 23. Qe2 Bxg3 24. hxg3 Ne4 25. Bb1 Nef6 26. Bg5 Qc8 27. Bxf6 Nxf6 28. Ba2 Nd5 29. Qe5 Rd8 30. f3 Kf7 31. g4 Nb4 32. gxf5 Nxa2 33. Rxa2 Kg8 34. fxe6 Re8 35. d5 Rc2 36. Ra3 Qc5+ 37. Rae3 Rd2 38. d6 Qxd6 39. Qxd6 Rxd6 40. f4 g6 41. g4 Kg7 42. Kg2 Re7 43. Kg3 h6 44. f5 Kf6 45. Kf4 h5 46. g5+ 1-0

[Event "Olomouc Seniors op"]
[Site "Olomouc"]
[Date "2010.08.04"]
[Round "1"]
[White "Zoltek, Tadeusz"]
[Black "Vasek, Rostislav"]
[Result "1-0"]
[WhiteElo "2183"]
[BlackElo "1707"]
[PlyCount "83"]
[EventDate "2010.08.04"]
[EventType "swiss"]
[EventRounds "9"]
[EventCountry "CZE"]
[SourceTitle "CBM 137 Extra"]
[Source "ChessBase"]
[SourceDate "2010.09.01"]
[SourceVersion "1"]
[SourceVersionDate "2010.09.01"]
[SourceQuality "1"]

1. Nf3 d5 2. d4 g6 3. c4 Nf6 4. cxd5 Nxd5 5. e4 Nb6 6. Nc3 Bg7 7. h3 a6 8. Be2 Nc6 9. Be3 Nd7 10. 0-0 b5 11. Rc1 Bb7 12. Qd2 0-0 13. Bh6 Re8 14. Bxg7 Kxg7 15. d5 Nce5 16. Nxe5 Nxe5 17. f4 Nd7 18. Rfd1 f6 19. Bf3 Rc8 20. Ne2 Nf8 21. Nd4 Qd6 22. Bg4 Rcd8 23. Nc6 h5 24. e5 Qxc6 25. dxc6 Rxd2 26. Rxd2 Bc8 27. Bxc8 Rxc8 28. exf6+ Kxf6 29. Kf2 Ne6 30. Kf3 Nd8 31. g4 hxg4+ 32. hxg4 Nf7 33. g5+ Kg7 34. Rd7 Kf8 35. Re1 e5 36. Rxe5 Nxe5+ 37. fxe5 Kg8 38. Ke4 Kf8 39. Kd5 Kg8 40. Ke6 Re8+ 41. Kf6 Rf8+ 42. Kxg6 1-0

[Event "Karlovy Vary op"]
[Site "Karlovy Vary"]
[Date "2009.05.02"]
[Round "6"]
[White "Kacr, Zbynek"]
[Black "Vasek, Rostislav"]
[Result "0-1"]
[WhiteElo "1644"]
[BlackElo "1712"]
[PlyCount "50"]
[EventDate "2009.04.29"]
[EventType "swiss"]
[EventRounds "7"]
[EventCountry "CZE"]
[SourceTitle "CBM 130 Extra"]
[Source "ChessBase"]
[SourceDate "2009.07.02"]
[SourceVersion "2"]
[SourceVersionDate "2009.07.15"]
[SourceQuality "1"]

1. d4 Nf6 2. c4 c6 3. Nc3 d5 4. cxd5 cxd5 5. Nf3 Bg4 6. Ne5 Bh5 7. Qa4+ Nbd7 8. Bg5 h6 9. Bxf6 gxf6 10. Nxd7 Qxd7 11. Qxd7+ Kxd7 12. Nxd5 Rc8 13. Nc3 e6 14. e4 Bb4 15. Bb5+ Ke7 16. Rc1 Rhg8 17. Kf1 Rcd8 18. a3 Ba5 19. b4 Bb6 20. d5 Rc8 21. h3 Bd4 22. g4 Bxc3 23. gxh5 Bb2 24. d6+ Kxd6 25. Rd1+ Ke5 0-1

[Event "Marianske Lazne op"]
[Site "Marianske Lazne"]
[Date "2007.01.25"]
[Round "7"]
[White "Vasek, Rostislav"]
[Black "Panos, Jan"]
[Result "1-0"]
[WhiteElo "1670"]
[BlackElo "1977"]
[PlyCount "65"]
[EventDate "2007.01.20"]
[EventType "swiss"]
[EventRounds "9"]
[EventCountry "CZE"]
[SourceTitle "EXT 2008"]
[Source "ChessBase"]
[SourceDate "2007.11.25"]
[SourceVersion "1"]
[SourceVersionDate "2007.11.25"]
[SourceQuality "1"]

1. e4 d6 2. Nf3 Nf6 3. c3 g6 4. Be2 Bg7 5. Na3 0-0 6. d4 c6 7. h3 e5 8. Bg5 h6 9. Bh4 Be6 10. Qc1 Nbd7 11. Nc2 d5 12. 0-0 g5 13. exd5 Nxd5 14. Bg3 Nf4 15. Bxf4 exf4 16. d5 Re8 17. Re1 Bxd5 18. Nb4 Be4 19. Nd2 Bg6 20. Bd3 f5 21. Qc2 a5 22. Bc4+ Kh7 23. Nd3 b5 24. Be6 Nf8 25. Nc5 Nxe6 26. Nxe6 Qb6 27. Nb3 Bh8 28. Nbc5 b4 29. h4 f3 30. h5 Bxh5 31. Qxf5+ Bg6 32. Qxf3 Qa6 33. Nc7 1-0